000 00600cab a2200229 4500
001 WB3415-56
008 090401t1998 xxu||||| |||| 00| 0 eng d
035 _a(Sirsi) u85648
041 _aeng
245 _aSweden
260 _c1998
350 _a0
490 _aFinancial Times
_v14 April 1998 (8) LOAN
520 _aSurvey on Sweden. Covers the economy, taxation, European union, telecommunications and the forthcoming elections.
650 _aEMU
650 _aEUROPE
650 _aSCANDINAVIA
650 _aSWEDEN
690 _aOVERSEAS-EUROPE
942 _n0
948 _c16/04/1998
999 _c53865
_d53865